[Event "Tradewise Gibraltar Master 2015"]
[Site "Gibraltar ENG"]
[Date "2015.02.03"]
[Round "8.61"]
[White "Hommerson, Paul"]
[Black "Nagy, Gabor"]
[Result "0-1"]
[WhiteElo "2229"]
[BlackElo "2410"]
[PlyCount "88"]
[EventDate "2015.01.27"]
[EventType "swiss"]
[EventRounds "10"]
[EventCountry "ENG"]
[Source "lmi"]
[SourceDate "2015.01.27"]

1. e4 c5 2. Nf3 d6 3. d4 cxd4 4. Nxd4 Nf6 5. Nc3 a6 6. Be3 Nc6 7. f4 e6 8. Qf3
Qc7 9. Bd3 Be7 10. O-O O-O 11. Kh1 Nb4 12. Rac1 Bd7 13. g4 g6 14. g5 Nh5 15. f5
d5 16. f6 Bd6 17. Nde2 Bc6 18. Kg2 Rad8 19. Rh1 d4 20. Bxd4 Be5 21. Bc5 Qa5 22.
Qe3 Bf4 23. Nxf4 Nxf4+ 24. Qxf4 Qxc5 25. Rcd1 Rd4 26. h4 Nd5 27. Qf2 Nxc3 28.
bxc3 Qxc3 29. Rde1 h5 30. gxh6 Kh7 31. h5 Rg8 32. Kh2 Qc5 33. e5 Qb4 34. hxg6+
fxg6 35. Kh3 Rf4 36. c3 Rxf2 37. cxb4 Bxh1 38. Bc4 Bd5 39. Bxd5 exd5 40. Rc1
Re8 41. Rc7+ Kxh6 42. Re7 Rf8 43. Rxb7 Rf5 44. Re7 d4 0-1

[Event "Tradewise Gibraltar Master 2015"]
[Site "Gibraltar ENG"]
[Date "2015.02.03"]
[Round "8.62"]
[White "Perez Garcia, Alejandro"]
[Black "Martinez Martin, David"]
[Result "1/2-1/2"]
[WhiteElo "2207"]
[BlackElo "2407"]
[PlyCount "33"]
[EventDate "2015.01.27"]
[EventType "swiss"]
[EventRounds "10"]
[EventCountry "ENG"]
[Source "lmi"]
[SourceDate "2015.01.27"]

1. Nf3 e6 2. c4 g5 3. d4 g4 4. Ne5 h5 5. Nd3 Bg7 6. e3 d6 7. b4 Nc6 8. Bb2 Nh6
9. b5 Ne7 10. Nf4 Nhf5 11. h3 g3 12. e4 gxf2+ 13. Kxf2 Bh6 14. Bc1 Bg7 15. Bb2
Bh6 16. Bc1 Bg7 17. Bb2 1/2-1/2

[Event "Tradewise Gibraltar Master 2015"]
[Site "Gibraltar ENG"]
[Date "2015.02.03"]
[Round "8.63"]
[White "Santiago, Yago De Moura"]
[Black "Heinemann, Josefine"]
[Result "1-0"]
[WhiteElo "2406"]
[BlackElo "2160"]
[PlyCount "73"]
[EventDate "2015.01.27"]
[EventType "swiss"]
[EventRounds "10"]
[EventCountry "ENG"]
[Source "lmi"]
[SourceDate "2015.01.27"]

1. Nf3 Nf6 2. c4 g6 3. b3 Bg7 4. Bb2 O-O 5. e3 c6 6. Be2 d5 7. O-O Bf5 8. d4
Ne4 9. Nc3 Nxc3 10. Bxc3 Nd7 11. Rc1 Re8 12. cxd5 cxd5 13. Bd3 Bxd3 14. Qxd3
Rc8 15. Qb5 Nb6 16. Bb2 Qd7 17. Qa5 Rc6 18. Rxc6 bxc6 19. Rc1 Rc8 20. Ne1 Qc7
21. Nd3 Nd7 22. Qxc7 Rxc7 23. Nb4 e6 24. Rxc6 Rxc6 25. Nxc6 a6 26. Ba3 Bf8 27.
Bxf8 Kxf8 28. Kf1 Ke8 29. Ke2 f6 30. Kd3 Nb6 31. Kc3 Na8 32. Kb4 Nc7 33. Kc5
Nb5 34. Kb6 Nc3 35. a4 Nd1 36. Kxa6 Nxf2 37. a5 1-0

[Event "Tradewise Gibraltar Master 2015"]
[Site "Gibraltar ENG"]
[Date "2015.02.03"]
[Round "8.64"]
[White "Hoffmann, Hendrik"]
[Black "Foisor, Cristina-Adela"]
[Result "0-1"]
[WhiteElo "2206"]
[BlackElo "2390"]
[PlyCount "92"]
[EventDate "2015.01.27"]
[EventType "swiss"]
[EventRounds "10"]
[EventCountry "ENG"]
[Source "lmi"]
[SourceDate "2015.01.27"]

1. e4 g6 2. d4 c6 3. Nc3 d5 4. Nf3 Bg7 5. exd5 cxd5 6. Bf4 Nf6 7. Nb5 Na6 8. c3
O-O 9. Bd3 Bd7 10. h3 Bxb5 11. Bxb5 Nc7 12. Bxc7 Qxc7 13. O-O Ne4 14. Bd3 e6
15. Bxe4 dxe4 16. Nd2 f5 17. Re1 Rad8 18. Qb3 Rd6 19. f3 Rb6 20. Qa3 Bh6 21.
Nf1 exf3 22. gxf3 Bf4 23. Re2 a6 24. Qa4 Rd8 25. Kg2 Kf7 26. Rae1 Rd5 27. Qc2
h5 28. Rd1 h4 29. c4 Rc6 30. c5 Qd8 31. Qb3 b5 32. cxb6 Qxb6 33. Qxb6 Rxb6 34.
b3 Rbd6 35. Rc2 Rxd4 36. Rc7+ Kf6 37. Rxd4 Rxd4 38. Ra7 Rd6 39. Rb7 e5 40. b4
e4 41. fxe4 fxe4 42. a4 Rc6 43. b5 axb5 44. Rxb5 Rc2+ 45. Kg1 e3 46. Rb1 e2 0-1

[Event "Tradewise Gibraltar Master 2015"]
[Site "Gibraltar ENG"]
[Date "2015.02.03"]
[Round "8.65"]
[White "Zimmermann, Rene"]
[Black "Houska, Jovanka"]
[Result "0-1"]
[WhiteElo "2172"]
[BlackElo "2388"]
[PlyCount "102"]
[EventDate "2015.01.27"]
[EventType "swiss"]
[EventRounds "10"]
[EventCountry "ENG"]
[Source "lmi"]
[SourceDate "2015.01.27"]

1. c4 e6 2. Nc3 d5 3. d4 Nf6 4. Bg5 Be7 5. e3 Nbd7 6. cxd5 exd5 7. Qc2 c6 8.
Bd3 O-O 9. Nge2 Re8 10. O-O Nf8 11. h3 g6 12. Rab1 Ne6 13. Bh4 Nh5 14. Bxe7
Qxe7 15. f4 Neg7 16. Rf3 Nf5 17. Nd1 Nf6 18. Ng3 Nd6 19. f5 Nfe4 20. Bxe4 Nxe4
21. Nxe4 Qxe4 22. Qxe4 dxe4 23. Rf4 Bxf5 24. Nc3 Bd7 25. Rxe4 Rxe4 26. Nxe4 Bf5
27. Nf6+ Kg7 28. Rf1 Kxf6 29. g4 Re8 30. Rf3 h5 31. gxf5 gxf5 32. Kf2 Re4 33.
Ke2 c5 34. dxc5 Rc4 35. Kd3 Rxc5 36. Rf1 Rb5 37. b3 Rd5+ 38. Kc3 Re5 39. Kd3
Re4 40. Rc1 Rh4 41. Rc7 Rxh3 42. Rxb7 f4 43. Rxa7 Rxe3+ 44. Kd4 h4 45. Ra8 Re2
46. Rh8 Kg5 47. Rf8 f6 48. Rg8+ Kf5 49. Rh8 f3 50. Rxh4 f2 51. Rh1 Re1 0-1

[Event "Tradewise Gibraltar Master 2015"]
[Site "Gibraltar ENG"]
[Date "2015.02.03"]
[Round "8.66"]
[White "Bellon Lopez, Juan Manuel"]
[Black "Krockenberger, Martin"]
[Result "1-0"]
[WhiteElo "2370"]
[BlackElo "2152"]
[PlyCount "79"]
[EventDate "2015.01.27"]
[EventType "swiss"]
[EventRounds "10"]
[EventCountry "ENG"]
[Source "lmi"]
[SourceDate "2015.01.27"]

1. d4 Nf6 2. Bg5 Ne4 3. Bh4 c5 4. f3 g5 5. fxe4 gxh4 6. e3 Bh6 7. Kf2 cxd4 8.
exd4 Nc6 9. Nc3 d6 10. Bb5 O-O 11. Bxc6 bxc6 12. Qh5 Bg7 13. Nf3 e5 14. Rhd1 f5
15. Kg1 exd4 16. Ne2 c5 17. Nxh4 Qe7 18. Nxf5 Bxf5 19. exf5 Qe4 20. Ng3 Qxc2
21. Qg5 Kh8 22. Rd2 Qc4 23. Rf1 d3 24. Kh1 Rae8 25. Nh5 Bd4 26. f6 Rg8 27. Qf5
Qf7 28. Ng7 Re5 29. Qxd3 Re3 30. Qf5 Qxf6 31. Qxf6 Bxf6 32. Nf5 Re6 33. Nxd6
Rg4 34. Nb5 Rb4 35. Nc7 Rc6 36. Ne8 Re4 37. Rd8 Be7 38. Ra8 Re2 39. Nd6+ Kg7
40. Rf7+ 1-0

[Event "Tradewise Gibraltar Master 2015"]
[Site "Gibraltar ENG"]
[Date "2015.02.03"]
[Round "8.67"]
[White "Tscharotschkin, Michael"]
[Black "Bartel, Marta"]
[Result "0-1"]
[WhiteElo "2144"]
[BlackElo "2347"]
[PlyCount "112"]
[EventDate "2015.01.27"]
[EventType "swiss"]
[EventRounds "10"]
[EventCountry "ENG"]
[Source "lmi"]
[SourceDate "2015.01.27"]

1. d4 Nf6 2. Nf3 e6 3. Bg5 c5 4. e3 Nc6 5. Nbd2 d5 6. c3 h6 7. Bh4 Bd6 8. Bd3
O-O 9. O-O e5 10. dxc5 Bxc5 11. e4 g5 12. Nxg5 hxg5 13. Bxg5 d4 14. Nb3 Be7 15.
cxd4 Nxd4 16. Nxd4 Qxd4 17. Qf3 Qb6 18. Bc4 Kh7 19. Be3 Qc6 20. Qe2 Ng4 21. Bd5
Qg6 22. Rac1 Rg8 23. g3 Nf6 24. Rc7 Nxd5 25. exd5 Bd6 26. Rc4 e4 27. Rxe4 Bg4
28. Qd3 Rge8 29. f3 Rxe4 30. fxe4 Re8 31. Bd4 Kg8 32. Re1 Bd7 33. Qf3 Bg4 34.
Qe3 Bb4 35. Bc3 Bxc3 36. bxc3 b6 37. e5 Rc8 38. Qd4 Bh3 39. e6 fxe6 40. d6 Qc2
41. Qe4 Qxe4 42. Rxe4 Bf5 43. Ra4 a5 44. g4 Bb1 45. Ra3 Rd8 46. Rb3 Bxa2 47.
Rxb6 a4 48. Kf2 Kf7 49. Ke3 Bd5 50. Ra6 Ra8 51. Rb6 a3 52. Rb1 a2 53. Ra1 Rb8
54. g5 Rb1 55. g6+ Ke8 56. g7 e5 0-1

[Event "Tradewise Gibraltar Master 2015"]
[Site "Gibraltar ENG"]
[Date "2015.02.03"]
[Round "8.68"]
[White "Boyer Censore, Giuseppe Enmanu"]
[Black "Povah, Nigel E"]
[Result "1-0"]
[WhiteElo "1960"]
[BlackElo "2324"]
[PlyCount "69"]
[EventDate "2015.01.27"]
[EventType "swiss"]
[EventRounds "10"]
[EventCountry "ENG"]
[Source "lmi"]
[SourceDate "2015.01.27"]

1. e4 c5 2. Nf3 Nc6 3. d4 cxd4 4. Nxd4 Nf6 5. Nc3 e6 6. Ndb5 d6 7. Bf4 e5 8.
Bg5 a6 9. Na3 b5 10. Bxf6 gxf6 11. Nd5 f5 12. Bd3 Be6 13. Qh5 Rg8 14. O-O f4
15. h3 Rg5 16. Nc7+ Kd7 17. Nxe6 Kxe6 18. Qd1 Qf6 19. Be2 Kd7 20. c3 Qg6 21.
Bf3 Be7 22. h4 f5 23. hxg5 fxe4 24. Bg4+ Kc7 25. Qd5 Rg8 26. Bh3 Bxg5 27. Qe6
Qg7 28. Rfd1 Be7 29. Nc2 e3 30. fxe3 f3 31. Rf1 fxg2 32. Rf7 Qg5 33. a4 bxa4
34. Rxa4 h5 35. Qd7+ 1-0

[Event "Tradewise Gibraltar Master 2015"]
[Site "Gibraltar ENG"]
[Date "2015.02.03"]
[Round "8.69"]
[White "Guerrero Vargas, Andres"]
[Black "Baert, Andy"]
[Result "1-0"]
[WhiteElo "2320"]
[BlackElo "2114"]
[PlyCount "59"]
[EventDate "2015.01.27"]
[EventType "swiss"]
[EventRounds "10"]
[EventCountry "ENG"]
[Source "lmi"]
[SourceDate "2015.01.27"]

1. e4 c5 2. Nf3 d6 3. d4 cxd4 4. Nxd4 Nf6 5. Nc3 a6 6. f4 Qc7 7. Bd3 g6 8. Nf3
Nbd7 9. O-O Bg7 10. a4 b6 11. Qe2 Bb7 12. Kh1 O-O 13. Bd2 e6 14. Rae1 Nc5 15.
Qf2 d5 16. e5 Nfe4 17. Qh4 Nxc3 18. bxc3 Nxa4 19. f5 exf5 20. Qxa4 Rfe8 21. Qh4
a5 22. Bh6 Bh8 23. Bxf5 Ba6 24. Bd3 Bxd3 25. cxd3 Qxc3 26. d4 a4 27. Ng5 a3 28.
Nxh7 Re6 29. Ng5 Bf6 30. Bg7 1-0

[Event "Tradewise Gibraltar Master 2015"]
[Site "Gibraltar ENG"]
[Date "2015.02.03"]
[Round "8.70"]
[White "Plotkin, Victor"]
[Black "Amos, Frank"]
[Result "1-0"]
[WhiteElo "2306"]
[BlackElo "2097"]
[PlyCount "41"]
[EventDate "2015.01.27"]
[EventType "swiss"]
[EventRounds "10"]
[EventCountry "ENG"]
[Source "lmi"]
[SourceDate "2015.01.27"]

1. e4 e6 2. d4 d5 3. exd5 exd5 4. Nf3 Bd6 5. c4 c6 6. Bd3 Nf6 7. O-O O-O 8. Bg5
dxc4 9. Bxc4 h6 10. Bh4 Nbd7 11. Nc3 Nb6 12. Bb3 Bg4 13. h3 Bxf3 14. Qxf3 Be7
15. Rfe1 Nfd5 16. Bg3 Bb4 17. Be5 Ne7 18. Qg3 g6 19. Bf6 Nbd5 20. Bxd5 cxd5 21.
Qh4 1-0

[Event "Tradewise Gibraltar Master 2015"]
[Site "Gibraltar ENG"]
[Date "2015.02.03"]
[Round "8.71"]
[White "Whatley, Stephen A J"]
[Black "Nuri, Kambez"]
[Result "0-1"]
[WhiteElo "1949"]
[BlackElo "2305"]
[PlyCount "68"]
[EventDate "2015.01.27"]
[EventType "swiss"]
[EventRounds "10"]
[EventCountry "ENG"]
[Source "lmi"]
[SourceDate "2015.01.27"]

1. e4 c5 2. Nf3 Nc6 3. d4 cxd4 4. Nxd4 Nf6 5. Nc3 d6 6. Bg5 e6 7. Qd2 a6 8.
O-O-O Bd7 9. f4 h6 10. Bh4 g5 11. fxg5 Ng4 12. Be2 Nge5 13. Nf3 Be7 14. Bf2 b5
15. gxh6 Qa5 16. Nxe5 Nxe5 17. a3 Rb8 18. Be3 b4 19. Nb1 Nc6 20. g4 d5 21. exd5
bxa3 22. Qxa5 axb2+ 23. Kd2 Nxa5 24. g5 exd5 25. Bxa6 O-O 26. Rhg1 Bf5 27. Rdf1
Bg6 28. Bf4 Bb4+ 29. Kd1 Rfe8 30. c3 Be4 31. Rh1 Bxb1 32. Bxb8 Bh7 33. Bd3 Bxd3
34. Kd2 Bg6 0-1

[Event "Tradewise Gibraltar Master 2015"]
[Site "Gibraltar ENG"]
[Date "2015.02.03"]
[Round "8.72"]
[White "Havik, Victor"]
[Black "Blomqvist, Erik"]
[Result "0-1"]
[WhiteElo "2137"]
[BlackElo "2520"]
[PlyCount "54"]
[EventDate "2015.01.27"]
[EventType "swiss"]
[EventRounds "10"]
[EventCountry "ENG"]
[Source "lmi"]
[SourceDate "2015.01.27"]

1. d4 d5 2. c4 c6 3. Nc3 Nf6 4. Nf3 dxc4 5. a4 Bf5 6. Ne5 Nbd7 7. Nxc4 Qc7 8.
g3 e5 9. dxe5 Nxe5 10. Bf4 Nfd7 11. Bg2 f6 12. h4 Rd8 13. O-O Be7 14. e4 Be6
15. Ne3 Nc5 16. Qc2 Bb3 17. Qe2 Ne6 18. Bxe5 fxe5 19. Nf5 Bc5 20. Qf3 Qd7 21.
Nd5 Bc4 22. Rfd1 cxd5 23. exd5 Nf4 24. Qe4 O-O 25. Qxc4 Rc8 26. Qe4 Nxg2 27. g4
Nxh4 0-1

[Event "Tradewise Gibraltar Master 2015"]
[Site "Gibraltar ENG"]
[Date "2015.02.03"]
[Round "8.73"]
[White "Burrows, Martin P"]
[Black "Lejlic, Samir"]
[Result "0-1"]
[WhiteElo "2136"]
[BlackElo "2354"]
[PlyCount "96"]
[EventDate "2015.01.27"]
[EventType "swiss"]
[EventRounds "10"]
[EventCountry "ENG"]
[Source "lmi"]
[SourceDate "2015.01.27"]

1. e4 e5 2. Nf3 Nc6 3. Bb5 a6 4. Ba4 d6 5. c3 Bd7 6. d4 Nge7 7. d5 Nb8 8. Bxd7+
Nxd7 9. c4 Nc8 10. Nc3 Be7 11. O-O O-O 12. Be3 g6 13. Bh6 Re8 14. Qd2 Ncb6 15.
b3 c6 16. dxc6 bxc6 17. Rfd1 Qc7 18. Rac1 Rad8 19. Qe2 a5 20. Ne1 Nc5 21. Nc2
Nbd7 22. Qf3 Ne6 23. Na4 f6 24. Bd2 Rf8 25. Qe3 f5 26. Qe1 Ra8 27. exf5 gxf5
28. f4 Rf6 29. fxe5 Nxe5 30. Bc3 Rg6 31. Qf1 Bg5 32. Bd2 Qa7+ 33. Kh1 Ng4 34.
c5 d5 35. h3 Qc7 36. Qg1 Rf8 37. Ne1 Bh4 38. hxg4 Bg3 39. Rc3 f4 40. Qf1 Qg7
41. Nf3 Qh6+ 42. Kg1 Ng5 43. Be1 Nxf3+ 44. Qxf3 Qh2+ 45. Kf1 Re6 46. Bf2 Qh1+
47. Bg1 Rfe8 48. Rcc1 Re3 0-1

[Event "Tradewise Gibraltar Master 2015"]
[Site "Gibraltar ENG"]
[Date "2015.02.03"]
[Round "8.74"]
[White "Hewson, Brian Wr"]
[Black "Vojinovic, Jovana"]
[Result "1/2-1/2"]
[WhiteElo "2084"]
[BlackElo "2301"]
[PlyCount "169"]
[EventDate "2015.01.27"]
[EventType "swiss"]
[EventRounds "10"]
[EventCountry "ENG"]
[Source "lmi"]
[SourceDate "2015.01.27"]

1. d4 g6 2. e4 Nf6 3. e5 Nh5 4. Be2 d6 5. Nf3 Nc6 6. Be3 dxe5 7. Nxe5 Nxe5 8.
dxe5 Qxd1+ 9. Bxd1 Ng7 10. Bh6 Bd7 11. Nd2 O-O-O 12. c3 Ne6 13. Bxf8 Rhxf8 14.
Bc2 Bc6 15. f3 Rd5 16. O-O-O Rxe5 17. Rhe1 Rxe1 18. Rxe1 Nf4 19. g3 Nd5 20. c4
Nb4 21. Bb1 e6 22. a3 Na6 23. b4 Nb8 24. Kb2 Rd8 25. Kc3 Be8 26. Ne4 Nd7 27. f4
h6 28. Bc2 f5 29. Nd2 Bf7 30. Nf3 Rg8 31. c5 Nf6 32. Ne5 Nd5+ 33. Kd4 Be8 34.
Bb3 c6 35. b5 g5 36. fxg5 hxg5 37. bxc6 bxc6 38. Ba4 Kc7 39. Bxc6 Nf6 40. Bh1
Bb5 41. Nf7 Kd7 42. Rb1 Ba6 43. Rb4 Ke7 44. Ra4 Kxf7 45. Rxa6 Rd8+ 46. Kc4 Rd7
47. c6 Rc7 48. Kc5 Ke7 49. Ra4 Nd7+ 50. Kb5 Nf6 51. Kc5 e5 52. Rb4 e4 53. Rb7
Kd8 54. Kd6 Ne8+ 55. Ke5 Rxc6 56. Rb8+ Ke7 57. Kxf5 Nd6+ 58. Kxg5 Rc1 59. Bg2
Rc2 60. Bf1 Rf2 61. Ba6 Ra2 62. Ra8 Rxa3 63. Rxa7+ Kd8 64. Ra8+ Kc7 65. Bb7 Rd3
66. Bxe4 Nxe4+ 67. Kf4 Nf6 68. Ra6 Nd5+ 69. Ke5 Ne7 70. Rh6 Kd7 71. g4 Rd5+ 72.
Ke4 Rd1 73. h3 Re1+ 74. Kf3 Ke8 75. Kf2 Re5 76. Rf6 Ng8 77. Rf5 Re6 78. g5 Ne7
79. Rf3 Re5 80. h4 Nf5 81. Rf4 Kf7 82. h5 Kg7 83. Ra4 Ne7 84. Kf3 Rxg5 85. Rg4
1/2-1/2

[Event "Tradewise Gibraltar Master 2015"]
[Site "Gibraltar ENG"]
[Date "2015.02.03"]
[Round "8.75"]
[White "Olsarova, Tereza"]
[Black "Beltz, Franziska"]
[Result "1-0"]
[WhiteElo "2288"]
[BlackElo "2130"]
[PlyCount "129"]
[EventDate "2015.01.27"]
[EventType "swiss"]
[EventRounds "10"]
[EventCountry "ENG"]
[Source "lmi"]
[SourceDate "2015.01.27"]

1. f4 g6 2. Nf3 Bg7 3. e4 c5 4. Nc3 Nc6 5. Be2 e6 6. O-O Nge7 7. d3 d6 8. Kh1
O-O 9. Be3 Nd4 10. Qd2 Qa5 11. Rae1 Nec6 12. Bd1 b5 13. e5 d5 14. Bg1 Bb7 15.
a3 b4 16. Nb1 Nxf3 17. Bxf3 Qb5 18. b3 bxa3 19. Nxa3 Qb6 20. Nb1 Nd4 21. Bd1 a5
22. Qc1 Bc6 23. Nd2 a4 24. b4 Qb7 25. c3 Nb5 26. Bxc5 d4 27. Bf3 dxc3 28. Bxc6
Qxc6 29. Ne4 Rfd8 30. Qe3 Bf8 31. Nf6+ Kg7 32. Qh3 h6 33. Be3 Be7 34. f5 Rh8
35. fxg6 fxg6 36. Qg3 Rhf8 37. Nh5+ Kh7 38. Nf4 g5 39. Nh5 Nc7 40. Nf6+ Bxf6
41. exf6 Rf7 42. h4 Nd5 43. Qf3 Rg8 44. Qe4+ Kh8 45. hxg5 hxg5 46. Kg1 g4 47.
Bh6 Qb6+ 48. d4 Nxf6 49. Qe5 Rg6 50. Be3 Qc7 51. Qxe6 Re7 52. Qf5 Kg7 53. Bg5
Rf7 54. Re6 Qd8 55. d5 c2 56. Qe5 Kg8 57. d6 Kg7 58. Be3 g3 59. Rf3 Qc8 60. Bc1
Qc4 61. Rxg3 Rxg3 62. Qxg3+ Ng4 63. Bb2+ Kf8 64. Qe1 Qc5+ 65. bxc5 1-0

[Event "Tradewise Gibraltar Master 2015"]
[Site "Gibraltar ENG"]
[Date "2015.02.03"]
[Round "8.76"]
[White "Sanchez Jerez, Emilio Miguel"]
[Black "Weeramantry, Sunil"]
[Result "1/2-1/2"]
[WhiteElo "2282"]
[BlackElo "2127"]
[PlyCount "85"]
[EventDate "2015.01.27"]
[EventType "swiss"]
[EventRounds "10"]
[EventCountry "ENG"]
[Source "lmi"]
[SourceDate "2015.01.27"]

1. Nc3 g6 2. d4 Bg7 3. h4 c5 4. d5 h6 5. e4 d6 6. f4 a6 7. a4 e5 8. h5 exf4 9.
hxg6 fxg6 10. Bxf4 Qf6 11. Qd2 Bg4 12. Be2 Bxe2 13. Kxe2 Nd7 14. Nf3 O-O-O 15.
a5 Qe7 16. Ra4 Ngf6 17. Bxh6 Nh5 18. Bg5 Ng3+ 19. Kd3 Bf6 20. Bxf6 Qxf6 21.
Rxh8 Rxh8 22. Ra1 Ne5+ 23. Nxe5 Qxe5 24. Qf2 Nxe4 25. Qe3 Nxc3 26. Qxe5 dxe5
27. Kxc3 Kd7 28. Rf1 Rh4 29. Rf7+ Kd6 30. Rxb7 Rg4 31. Kd3 c4+ 32. Kc3 Kxd5 33.
Rb6 Rg3+ 34. Kb4 Rxg2 35. Rxa6 Rxc2 36. Ka3 e4 37. Rxg6 e3 38. Rg8 Rc1 39. Re8
Ra1+ 40. Kb4 Kd4 41. Rd8+ Ke5 42. Kxc4 Rxa5 43. Re8+ 1/2-1/2

[Event "Tradewise Gibraltar Master 2015"]
[Site "Gibraltar ENG"]
[Date "2015.02.03"]
[Round "8.77"]
[White "Mareckova, Martina"]
[Black "Buchal, Stephan"]
[Result "1/2-1/2"]
[WhiteElo "2102"]
[BlackElo "2273"]
[PlyCount "81"]
[EventDate "2015.01.27"]
[EventType "swiss"]
[EventRounds "10"]
[EventCountry "ENG"]
[Source "lmi"]
[SourceDate "2015.01.27"]

1. e4 g6 2. d4 Bg7 3. Nc3 d6 4. f4 a6 5. Nf3 b5 6. Be3 Bb7 7. Bd3 Nd7 8. e5 c5
9. Be4 Bxe4 10. Nxe4 Nh6 11. exd6 O-O 12. Qd2 exd6 13. O-O Nb6 14. b3 c4 15.
Rae1 Nd5 16. c3 Qc7 17. bxc4 bxc4 18. Ng3 Ng4 19. Bf2 Rfe8 20. Rxe8+ Rxe8 21.
Re1 Rxe1+ 22. Bxe1 Qe7 23. h3 Ngf6 24. Qe2 Qxe2 25. Nxe2 Ne4 26. g3 Kf8 27. Kg2
Ke7 28. Ng5 Nxg5 29. fxg5 h6 30. Bd2 h5 31. Kf3 Ke6 32. Ke4 Bf8 33. Bc1 Be7 34.
Bd2 Bd8 35. Bc1 Ba5 36. Bd2 Bc7 37. Bc1 a5 38. Nf4+ Nxf4 39. Bxf4 d5+ 40. Kf3
Bd8 41. a4 1/2-1/2

[Event "Tradewise Gibraltar Master 2015"]
[Site "Gibraltar ENG"]
[Date "2015.02.03"]
[Round "8.78"]
[White "Viana, Dirceu"]
[Black "Mehlhorn, Uwe"]
[Result "1-0"]
[WhiteElo "2268"]
[BlackElo "2121"]
[PlyCount "39"]
[EventDate "2015.01.27"]
[EventType "swiss"]
[EventRounds "10"]
[EventCountry "ENG"]
[Source "lmi"]
[SourceDate "2015.01.27"]

1. e4 d6 2. d4 g6 3. Be3 Bg7 4. Nc3 a6 5. Qd2 Nd7 6. h4 h5 7. Nh3 Ndf6 8. f3
Bxh3 9. Rxh3 e5 10. O-O-O Bh6 11. g3 Qe7 12. Rh2 O-O-O 13. Bh3+ Kb8 14. Bg5
Bxg5 15. hxg5 Nh7 16. f4 f6 17. dxe5 fxe5 18. Nd5 Qg7 19. Qa5 h4 20. gxh4 1-0

[Event "Tradewise Gibraltar Master 2015"]
[Site "Gibraltar ENG"]
[Date "2015.02.03"]
[Round "8.79"]
[White "Frisk, Ellinor"]
[Black "Schaefer, Reyk"]
[Result "1-0"]
[WhiteElo "2266"]
[BlackElo "2104"]
[PlyCount "53"]
[EventDate "2015.01.27"]
[EventType "swiss"]
[EventRounds "10"]
[EventCountry "ENG"]
[Source "lmi"]
[SourceDate "2015.01.27"]

1. c4 g6 2. d4 Nf6 3. Nc3 d5 4. cxd5 Nxd5 5. Nf3 Bg7 6. Bg5 O-O 7. Nxd5 Qxd5 8.
Bxe7 Re8 9. Bb4 Nc6 10. Bc3 Bg4 11. Ne5 Nxe5 12. dxe5 Qxd1+ 13. Rxd1 Bxe5 14.
Rc1 Bxc3+ 15. Rxc3 c6 16. e3 Be6 17. a3 Rad8 18. Bd3 Bd5 19. Rg1 Re7 20. Ke2
Kg7 21. g3 Red7 22. Rd1 Be6 23. f3 f5 24. Bc2 Bd5 25. Kf2 Kf6 26. Rcd3 c5 27.
Ba4 1-0

[Event "Tradewise Gibraltar Master 2015"]
[Site "Gibraltar ENG"]
[Date "2015.02.03"]
[Round "8.80"]
[White "Cordes, Hans-Joerg"]
[Black "Vanheirzeele, Daniel"]
[Result "1-0"]
[WhiteElo "2262"]
[BlackElo "2091"]
[PlyCount "77"]
[EventDate "2015.01.27"]
[EventType "swiss"]
[EventRounds "10"]
[EventCountry "ENG"]
[Source "lmi"]
[SourceDate "2015.01.27"]

1. d4 Nf6 2. Bg5 d5 3. e3 c5 4. Bxf6 gxf6 5. Nc3 Nc6 6. Qh5 e6 7. Nf3 Bd7 8.
Bb5 f5 9. O-O Qf6 10. Ne5 Nxe5 11. dxe5 Qe7 12. Bxd7+ Qxd7 13. Rad1 Qc7 14. f3
O-O-O 15. e4 d4 16. Nb5 Qd7 17. a4 Kb8 18. Rfe1 Bg7 19. Nd6 fxe4 20. Rxe4 Rhf8
21. b3 f5 22. exf6 Bxf6 23. Nc4 b6 24. f4 Qd5 25. Qe2 Rg8 26. a5 b5 27. Ne5 a6
28. c4 Qb7 29. Nd3 Qc6 30. g3 Rge8 31. Re1 Rd6 32. Qh5 Rc8 33. Qxh7 Bd8 34. Re5
Bxa5 35. Rxc5 Qe8 36. b4 bxc4 37. bxa5 cxd3 38. Rb1+ Ka8 39. Qb7# 1-0

[Event "Tradewise Gibraltar Master 2015"]
[Site "Gibraltar ENG"]
[Date "2015.02.03"]
[Round "8.81"]
[White "Compton, Alistair"]
[Black "Prosviriakov, Vladimir"]
[Result "1/2-1/2"]
[WhiteElo "2071"]
[BlackElo "2257"]
[PlyCount "75"]
[EventDate "2015.01.27"]
[EventType "swiss"]
[EventRounds "10"]
[EventCountry "ENG"]
[Source "lmi"]
[SourceDate "2015.01.27"]

1. e4 d6 2. d4 Nf6 3. Nc3 e5 4. Nf3 Nbd7 5. g4 Nxg4 6. Rg1 Ngf6 7. Be3 c6 8.
Qd2 b5 9. a3 a6 10. O-O-O Qc7 11. Kb1 a5 12. Bd3 b4 13. Na4 c5 14. dxe5 dxe5
15. Bc4 Ba6 16. Qd3 Bxc4 17. Qxc4 h6 18. b3 Qc6 19. Nd2 Nh5 20. Qe2 g6 21. Nc4
Rd8 22. Nxa5 Qc7 23. Nc4 Be7 24. axb4 cxb4 25. Ncb6 Nhf6 26. Nd5 Nxd5 27. Rxd5
O-O 28. Bxh6 Rfe8 29. Be3 Rb8 30. f3 Nf8 31. h4 Bxh4 32. Rh1 Bf6 33. Qh2 Ra8
34. Bg5 Bg7 35. Bh6 Bf6 36. Bg5 Bg7 37. Bh6 Bf6 38. Bg5 1/2-1/2

[Event "Tradewise Gibraltar Master 2015"]
[Site "Gibraltar ENG"]
[Date "2015.02.03"]
[Round "8.82"]
[White "Menna Barreto, Felipe Kubiaki"]
[Black "Dasaolu, Rotimi"]
[Result "1/2-1/2"]
[WhiteElo "2247"]
[BlackElo "2053"]
[PlyCount "153"]
[EventDate "2015.01.27"]
[EventType "swiss"]
[EventRounds "10"]
[EventCountry "ENG"]
[Source "lmi"]
[SourceDate "2015.01.27"]

1. e4 d5 2. Nc3 dxe4 3. Nxe4 Nf6 4. Nxf6+ gxf6 5. d4 c6 6. Ne2 e5 7. Be3 Qa5+
8. c3 Be6 9. Ng3 Nd7 10. Bd3 h5 11. b4 Qa3 12. Ne2 Nb6 13. O-O Qa4 14. dxe5
Qxd1 15. Rfxd1 fxe5 16. Bxb6 axb6 17. f4 f6 18. Bg6+ Ke7 19. Ng3 Bg4 20. Re1 h4
21. Nf5+ Ke6 22. Ne3 Bh5 23. Bf5+ Kd6 24. Ng4 Bxg4 25. Bxg4 b5 26. fxe5+ fxe5
27. Rad1+ Kc7 28. Rd7+ Kb6 29. Be6 Rh6 30. Bb3 Re8 31. Bf7 Ra8 32. Rxe5 Rh7 33.
Rf5 Bh6 34. Kf2 Rxa2+ 35. Bxa2 Rxd7 36. Bf7 Bd2 37. c4 bxc4 38. Bxc4 Bxb4 39.
g4 hxg3+ 40. hxg3 Rd4 41. Be2 Rd7 42. g4 Bc3 43. Bc4 Re7 44. Rf3 Bd4+ 45. Kg2
Kc5 46. Bf7 b5 47. g5 Kb4 48. g6 Re5 49. Rg3 Re1 50. Kh2 Be5 51. g7 Bxg7 52.
Rxg7 Re7 53. Rg4+ Kc3 54. Rg3+ Kb4 55. Bg8 c5 56. Kg2 c4 57. Kf2 Re5 58. Re3
Rg5 59. Be6 Rh5 60. Ke2 Rg5 61. Kd2 Rg2+ 62. Kc1 Rh2 63. Kb1 Rd2 64. Kc1 Rh2
65. Kb1 Rh5 66. Kb2 Kc5 67. Re4 Kb4 68. Re3 Rg5 69. Kc2 Rg1 70. Kb2 Rf1 71. Kc2
Rf2+ 72. Kb1 Kc5 73. Re5+ Kd6 74. Rxb5 Kxe6 75. Rc5 Rf4 76. Kc2 Kd6 77. Rh5
1/2-1/2

[Event "Tradewise Gibraltar Master 2015"]
[Site "Gibraltar ENG"]
[Date "2015.02.03"]
[Round "8.83"]
[White "Suez-Panama, Gilles"]
[Black "Scharrer, Patrick"]
[Result "0-1"]
[WhiteElo "2030"]
[BlackElo "2231"]
[PlyCount "83"]
[EventDate "2015.01.27"]
[EventType "swiss"]
[EventRounds "10"]
[EventCountry "ENG"]
[Source "lmi"]
[SourceDate "2015.01.27"]

1. d4 g6 2. Nf3 Bg7 3. c4 d6 4. Nc3 e5 5. dxe5 dxe5 6. Qxd8+ Kxd8 7. Bg5+ f6 8.
O-O-O+ Nd7 9. Nxe5 fxg5 10. Nf7+ Ke8 11. Nxh8 Bxh8 12. Nd5 Be5 13. e3 c6 14.
Nb4 Nc5 15. f3 Nf6 16. Nd3 Bd6 17. Nf2 Ke7 18. g4 a5 19. Nd3 Be6 20. h4 h6 21.
hxg5 hxg5 22. Kc2 Na6 23. b3 a4 24. e4 axb3+ 25. axb3 Nb4+ 26. Nxb4 Bxb4 27. e5
Nd7 28. Rh7+ Ke8 29. Rh8+ Bf8 30. Rd6 Kf7 31. Rh7+ Bg7 32. Rxg7+ Kxg7 33. Rxe6
Kf7 34. Rd6 Nxe5 35. Bd3 Ke7 36. c5 Ra2+ 37. Kc3 Rf2 38. Bxg6 Rxf3+ 39. Kb2
Nxg4 40. Bh5 Rf2+ 41. Ka3 Nf6 42. Rd4 0-1